Guide to flowring plant families (Record no. 2072)

MARC details
000 -LEADER
fixed length control field 00592 a2200193 4500
010 ## - LIBRARY OF CONGRESS CONTROL NUMBER
LC control number ENG-85345
020 ## - INTERNATIONAL STANDARD BOOK NUMBER
Terms of availability 750.00
International Standard Book Number 8188689262
035 ## - SYSTEM CONTROL NUMBER
System control number EN-68878
037 ## - SOURCE OF ACQUISITION
Source of stock number/acquisition D.B.Act / Pub
082 14 - DEWEY DECIMAL CLASSIFICATION NUMBER
Classification number 582.13
090 ## - LOCALLY ASSIGNED LC-TYPE CALL NUMBER (OCLC); LOCAL CALL NUMBER (OCLC)
-- 2110
-- 2110
100 1# - MAIN ENTRY--PERSONAL NAME
Personal name Zomlefer, Wendy B.
245 1# - TITLE STATEMENT
Title Guide to flowring plant families
Statement of responsibility, etc by Wendy B. Zomlefer
260 ## - PUBLICATION, DISTRIBUTION, ETC. (IMPRINT)
Place of publication, distribution, etc New Delhi
Name of publisher, distributor, etc Overseas Press India
Date of publication, distribution, etc 2006
300 ## - PHYSICAL DESCRIPTION
Extent ix, 430 p.
Dimensions 28 cm (Pbk.)
500 ## - GENERAL NOTE
General note Includes index
942 ## - ADDED ENTRY ELEMENTS (KOHA)
Institution code [OBSOLETE] dpl
Koha item type English Books
Call number prefix 582.13 / ZOM
Holdings
Withdrawn status Lost status Source of classification or shelving scheme Damaged status Not for loan Collection code Home library Current library Source of acquisition Cost, normal purchase price Total Checkouts Full call number Barcode Date last seen Copy number Uniform Resource Identifier Cost, replacement price Price effective from Koha item type
    Dewey Decimal Classification   Not For Loan Non-fiction D.B.Act.Division D.B.Act.Division DBAD/PUB 750.00   582.13 ZOM EN-68878 15/09/2008 1 2235 750.00 15/09/2008 English Books

© Delhi Public Library
Hit Counter
free hit counter